[Event "Hallstahammar op"]
[Site "Hallstahammar"]
[Date "2004.09.12"]
[Round "7"]
[White "Alexan, Vartan"]
[Black "Akerman, Per"]
[Result "0-1"]
[WhiteElo "1490"]
[BlackElo "1896"]
[PlyCount "62"]
[EventDate "2004.09.10"]
[EventType "swiss"]
[EventRounds "8"]
[EventCountry "SWE"]
[SourceTitle "EXT 2005"]
[Source "ChessBase"]
[SourceDate "2004.11.15"]
[SourceVersion "1"]
[SourceVersionDate "2004.11.15"]
[SourceQuality "1"]

1. e4 c5 2. Nf3 Nc6 3. d4 cxd4 4. Nxd4 g6 5. Nc3 Bg7 6. Be3 Nf6 7. f3 0-0 8. Qd2 d5 9. exd5 Nxd5 10. Nxc6 bxc6 11. Nxd5 cxd5 12. c3 Qa5 13. Bd3 e5 14. Bc2 Rb8 15. Bb3 Rxb3 16. 0-0 Rb8 17. a3 d4 18. cxd4 Qxd2 19. Bxd2 exd4 20. b4 Be6 21. Bg5 Rfc8 22. Be7 Rc3 23. Bc5 a6 24. a4 d3 25. Be3 Rb3 26. Rac1 R3xb4 27. a5 Bd4 28. Bxd4 Rxd4 29. Rfd1 d2 30. Rc2 Rbd8 31. Rb2 Rd3 0-1